000 00551nam a2200181Ia 4500
008 240925s9999 xx 000 0 und d
020 _a817656575x
082 _a005.133 TAG
100 _aTagliaferri, Matt
245 0 _aVisual Basic.Net Code master's Library: 99 concise code solutions for VB.NET developers
250 _aNA
260 _aNew Delhi:
_bBPB Publication
_c,2002.
300 _a218p.
_bNA
_fOriginal
500 _aIncludes Index
600 _aComputer Science
650 _aComputer science, information & general works
942 _cBK
999 _c7088
_d7088